01044 2200193 4500001002100000005001500021035002000036008004100056245003900097100001600136250000600152260004100158300001200199084001400211082000800225650001000233520059500243990001200838INLIS00000000000104220240527110518 a0010-0524000277240527 1 ind 1 aCinta Yang Tak Biasa /cNatta Reza aReza, Natta a1 aJakarta :bTransmedia Pustaka,c2017 a230 hlm a813 NAT c a813 4aFiksi aUntuk sesuatu yang sangat kita cintai,seringkali kita rela merasakan cobaan terberat dalam hidup.Dari susah hingga senang,jatuh untuk bangun,termasuk harus kehilang banyak hal demi sebuah pertemuan yang berharga. Semua itu mesti dilalui untuk satu hal yang diyakin akan mengubah hidup kita: rasa cinta dari Tuhan.Natta percaya,dengan mengalahkan rasa cintanya kepada manusia. maka suatu saat ia akan mendapatkan cinta yang lebih besar dari-Nya.Begitu pun dengan Wardah,yang meyakini kalau Sang Pemilik Cinta telah menyiapkan seorang yang akan mencintainya dengan tulus dan atas rida-Nya. a0744020